| 000 | 00859nam a2200289 a 4500 | ||
|---|---|---|---|
| 001 | |||
| 003 | DO-SdBNP | ||
| 005 | 20221019082703.0 | ||
| 007 | 000000458 | ||
| 008 | 090122s1994 dr 000 0 spa d | ||
| 020 | _a | ||
| 040 |
_aBPMSU _bspa _cBPMSU |
||
| 082 | 4 |
_a304.44 _bP769s 1994 _222 |
|
| 245 | 0 | 0 |
_aPolítica social y desarrollo humano _c _b |
| 250 | _a25a. ed. | ||
| 260 |
_aSanto Domingo : _bINTEC, _c1994 |
||
| 300 |
_a45 p. ; _c22 cm. _b |
||
| 490 | 0 |
_aPlan educativo _v25 |
|
| 590 | _6Inventariado, 2022/VM | ||
| 650 | 4 |
_aDesarrollo social _zRepública Dominicana. _x |
|
| 650 | 4 |
_a Educación _zRepública Dominicana. |
|
| 650 | 4 |
_aInversión social _zRepública Dominicana. |
|
| 651 | 4 |
_aRepública Dominicana _xPolítica social. |
|
| 710 | 2 | _aInstituto Tecnológico de Santo Domingo | |
| 910 | _aVMateo V./Validado | ||
| 942 |
_2ddc _cBK |
||
| 999 |
_c14308 _d14308 |
||